| 000 | 00739nam a2200241 a 4500 | ||
|---|---|---|---|
| 001 | BRCA_5281 | ||
| 005 | 20190320205020.0 | ||
| 008 | 011210s1975----enkaf#####---#000-0#eng-# | ||
| 020 | _a090030510X | ||
| 041 | _aeng | ||
| 044 | _aenk | ||
| 050 | 4 |
_aN7260 _b.C66 1975 |
|
| 245 | 1 | 0 | _aThe Connoisseur Complete Encyclopedia of Antiques. |
| 250 | _a2 | ||
| 260 |
_aLondres _bThe Connoisseur _c1975 |
||
| 300 |
_a704 p. _bil. (algunas a color) _c29 cm. |
||
| 500 | _aIncluye índice alfabético y lista de museos y galerías | ||
| 500 | _aDonación Dr. Héctor Rivero Borrell Vázquez | ||
| 504 | _aIncluye referencias bibliográficas | ||
| 650 | 1 | 4 |
_aAntigüedades orientales _xHistoria _zChina _913532 |
| 902 | _aDHR | ||
| 942 |
_2lcc _cB |
||
| 999 |
_c4975 _d4975 |
||